00540 2200205 4500001002100000005001500021035002000036007000300056008004100059020002200100082001200122084001800134100001800152245006100170250001000231260004400241300001700285600002000302990001200322INLIS00000000000001420230627110533 a0010-0623000014ta230627 f  a978-979-27-6375-1 a899.221 a899.221 MAR a0 aMariska Tracy1 aAir Mata Ibuku Dalam Semangkuk Sup Ayam /cMariska Tracy acet 1 aJakarta :bElex Media Komputindo,c2010 a180 ;c21 cm 4aFiksi Indonesia a17.0012